000 00891nam a2200229Ia 4500
001 L301-56389
003 IT-CnALBA
008 170116s9999||||xx |||||||||||||| ||und||
040 _aIT-CnALBA
_cIT-CnALBA
041 _aITALIANO
100 _aCAZZANIGA WALTER
245 0 _aPICCOLI CONSIGLI PER L'ANIMATORE. PREPARARE UN CAMPO SCUOLA.
250 _a1a ed.
260 _a SARONNO
_bMONTI L. GRAFICA
_c1998 [1° Ed.:1998 - Ed.Ling.Originale: 1998]
300 _a72 p.
500 _aPER EDUCATORI SEMPRE ALLA RICERCA DI NUOVI STRUMENTI PER SVOLGERE AL MEGLIO IL PROPRIO LAVORO.
501 _aSocietà San Paolo EM - Piazza San Paolo, 14 - 12051 ALBA (CN) (non commercial uses only) ® Copyright 2017
520 _aPER EDUCATORI SEMPRE ALLA RICERCA DI NUOVI STRUMENTI PER SVOLGERE AL MEGLIO IL PROPRIO LAVORO.
650 _aSCIENZE SOCIALI
942 _cBK
957 _71
999 _a73889
_bNO
_g Copie: 1
_c315224
_d315224